000 00485nam a22001577a 4500
020 _qHard Cover.
082 _a658.4
100 _aJaved, Chaudhry Usman
245 _aLaunching 4G Mobile Broadband for Large Screens at Zong
_cChaudhry Usman Javeed.
260 _aIslamabad:
_bNBS - NUST,
_c2016.
300 _a67 p. : ill. ;
_c30cm.
650 _aEMBA-Thesis.
_917645
700 _aBilal Chohan.
_918858
942 _2ddc
_cTHE
999 _c532555
_d532555